BHEL SAMHITA (Record no. 14390)

MARC details
000 -LEADER
fixed length control field 00281nam a22001337a 4500
003 - CONTROL NUMBER IDENTIFIER
control field SGT
082 ## - DEWEY DECIMAL CLASSIFICATION NUMBER
Classification number 615.53
Item number B06S
100 ## - MAIN ENTRY--PERSONAL NAME
Personal name SUKLA, GIRIJADYALU
245 ## - TITLE STATEMENT
Title BHEL SAMHITA
260 ## - PUBLICATION, DISTRIBUTION, ETC. (IMPRINT)
Place of publication, distribution, etc VARANASI
Name of publisher, distributor, etc CHAUKHAMBHA PUB
Year of Publication 2006
300 ## - PAGE DESCRIPTION
No. of Pages 285
650 ## - SUBJECT ADDED ENTRY--TOPICAL TERM
Topical term or geographic name as entry element AYURVEDA
942 ## - ADDED ENTRY ELEMENTS (KOHA)
Source of classification or shelving scheme Dewey Decimal Classification
Koha item type Books
Holdings
Withdrawn status Lost status Source of classification or shelving scheme Damaged status Not for loan Collection code Home library Current library Shelving location Date acquired Vendor Name Cost, normal purchase price SGTU Bill Number Total Checkouts Full call number Accession No. (Barcode) Date last seen Bill Date Koha item type Use restrictions
    Dewey Decimal Classification     AYURVEDA SGT FA-FP Library SGT FA-FP Library Text Book 08/01/2018 CHAUKHAMBHA PUB 250.00 SGTU CP/B/849   615.53 B06S FA6821 08/01/2018 25/12/2017 Books  
    Dewey Decimal Classification     AYURVEDA SGT FA-FP Library SGT FA-FP Library Text Book 08/01/2018 CHAUKHAMBHA PUB 250.00 SGTU CP/B/849   615.53 B06S FA6822 08/01/2018 25/12/2017 Books  
    Dewey Decimal Classification     AYURVEDA SGT FA-FP Library SGT FA-FP Library Text Book 08/01/2018 CHAUKHAMBHA PUB 250.00 SGTU CP/B/849   615.53 B06S FA6823 08/01/2018 25/12/2017 Books  
    Dewey Decimal Classification     AYURVEDA SGT FA-FP Library SGT FA-FP Library Text Book 08/01/2018 CHAUKHAMBHA PUB 250.00 SGTU CP/B/849   615.53 B06S FA6824 08/01/2018 25/12/2017 Books  
    Dewey Decimal Classification     AYURVEDA SGT FA-FP Library SGT FA-FP Library Reference Book 08/01/2018 CHAUKHAMBHA PUB 250.00 SGTU CP/B/849   615.53 B06S FA6825 08/01/2018 25/12/2017 Books Restricted Access